Nástroje Business Intelligence a možnosti ich využitia v riadení podniku diplomová práca

Na minha lista:
Detalhes bibliográficos
Autor principal: Sibal, Erik
Autor Corporativo: Podnikovohospodárska fakulta EU so sídlom v Košiciach. Katedra manažmentu
Outros Autores: Čarnický, Štefan
Formato: Livro
Idioma:eslovaco
Publicado em: Košice 2014
Tags: Adicionar Tag
Sem tags, seja o primeiro a adicionar uma tag!

MARC

LEADER 00000nbm a2200000 4500
001 0187224
005 20170201085037.3
041 0 |a slo 
044 |a SK 
245 1 0 |a Nástroje Business Intelligence a možnosti ich využitia v riadení podniku  |b diplomová práca  |c Erik Sibal ; školiteľ: Štefan Čarnický 
264 1 |a Košice  |c 2014 
300 |a 75 s. 
100 1 |a Sibal, Erik 
700 1 |a Čarnický, Štefan 
710 2 |a Podnikovohospodárska fakulta EU so sídlom v Košiciach. Katedra manažmentu